000 00701cab a2200217 4500
001 WB2931-54
008 090401t1993 xxu||||| |||| 00| 0 eng d
035 _a(Sirsi) u5897
041 _aeng
245 _aCrichel Down
260 _c1993
350 _a0
490 _aIndependent on Sunday
_v22 August 1993, 8(1)
520 _aThe Crichel Down site is scene of a new planning row, this time concerned with plans by the district council to sell a derelict paper-mill site to a developer to build eight luxury mansions.
650 _aCRICHEL DOWN RULES
650 _aLUXURY HOUSES
650 _aPLANNING PERMISSION
690 _aPLANNING LAW AND PRACTICE
942 _n0
948 _c04/03/1997
999 _c3528
_d3528